MARC details
| 000 -LEADER |
| fixed length control field |
01147nam a2200253 4500 |
| 003 - CONTROL NUMBER IDENTIFIER |
| control field |
OSt |
| 005 - DATE AND TIME OF LATEST TRANSACTION |
| control field |
20260226185227.0 |
| 008 - FIXED-LENGTH DATA ELEMENTS--GENERAL INFORMATION |
| fixed length control field |
260203b |||||||| |||| 00| 0 eng d |
| 040 ## - CATALOGING SOURCE |
| Transcribing agency |
0 |
| 082 ## - DEWEY DECIMAL CLASSIFICATION NUMBER |
| Edition number |
DPer 370.15 J826 May-August 2024 v. 116 n. 4-6 |
| 100 ## - MAIN ENTRY--PERSONAL NAME |
| Personal name |
Gfrorer, Thomas |
| Relator term |
author. |
| 9 (RLIN) |
69516 |
| 245 ## - TITLE STATEMENT |
| Title |
The effects of unstructured out-of-school engagement in science on adolescents vocational interests, occupational aspirations, competencies, school grades, and ability self-concepts / |
| Statement of responsibility, etc. |
Thomas Gfrorer, Gundula Stoll, Sven Reiger, and Benjamin Nagengast |
| 260 ## - PUBLICATION, DISTRIBUTION, ETC. (IMPRINT) |
| Place of publication, distribution, etc. |
Washington, DC ; |
| Name of publisher, distributor, etc. |
American Psychological Association , |
| Date of publication, distribution, etc. |
July 2024. |
| 300 ## - PHYSICAL DESCRIPTION |
| Extent |
Volume 116, pages 742-761 : |
| Other physical details |
illustration ; |
| Dimensions |
28 cm. |
| 500 ## - GENERAL NOTE |
| General note |
Journal of Educational Psychology, vol. 116, no. 5, pages 742-761, May-August 2024. |
| 650 #0 - SUBJECT ADDED ENTRY--TOPICAL TERM |
| Topical term or geographic name as entry element |
Competence |
| 9 (RLIN) |
69861 |
| 650 #0 - SUBJECT ADDED ENTRY--TOPICAL TERM |
| Topical term or geographic name as entry element |
High school students. |
| 9 (RLIN) |
48181 |
| 650 #0 - SUBJECT ADDED ENTRY--TOPICAL TERM |
| Topical term or geographic name as entry element |
Occupational Aspiration |
| 9 (RLIN) |
69862 |
| 700 ## - ADDED ENTRY--PERSONAL NAME |
| Personal name |
Gfrorer, Thomas |
| Relator term |
author. |
| 9 (RLIN) |
69516 |
| 700 ## - ADDED ENTRY--PERSONAL NAME |
| Personal name |
Stoll, Gundula |
| Relator term |
author. |
| 9 (RLIN) |
69517 |
| 700 ## - ADDED ENTRY--PERSONAL NAME |
| Personal name |
Reiger, Sven |
| Relator term |
author. |
| 9 (RLIN) |
69518 |
| 700 ## - ADDED ENTRY--PERSONAL NAME |
| Personal name |
Nagengast, Benjamin. |
| Relator term |
author. |
| 9 (RLIN) |
47926 |
| 942 ## - ADDED ENTRY ELEMENTS (KOHA) |
| Source of classification or shelving scheme |
Dewey Decimal Classification |
| Koha item type |
Periodicals |